BUZ ÇETESİ TEHLİKEYEDUR DE (Record no. 799435)

MARC details
000 -LEADER
sabit uzunluktaki kontrol alanı 00253nam a2200097Ia 4500
001 - KONTROL NUMARASI
kontrol alanı 799435
005 - EN SON İŞLEMİN TARİH VE ZAMANI
kontrol alanı 20250826170847.0
008 - SABİT-UZUNLUKTA VERİ ÖĞELERİ--GENEL BİLGİ
sabit uzunluktaki kontrol alanı 250824s9999 xx 000 0 und d
245 #0 - ESER / YAZAR
ESER ADI BUZ ÇETESİ TEHLİKEYEDUR DE
Yazar Adı YÜCEL ÖZTÜRK
260 ## - YAYIN, DAĞITIM, VB.
YAYIN EVİ CEZVE YAYINLARI
Holdings
Düşüm durumu Kayıp durumu Hasar Durumu Ödünç verilmez Ana kütüphane Geçerli Kütüphane Edinilen tarih Toplam ödünç verme sayısı Barkod Son görüntüleme tarihi Son ödünç verme tarihi Fiyatın geçerli olmaya başladığı tarih Koha materyal türü
        SANCAK ORTAOKULU SANCAK ORTAOKULU 24.08.2025 1 10343998 17.02.2026 05.02.2026 26.08.2025 Books